banner-ar

INTRODUCTION TO RANDOM SIGNALS AND APPLIED KALMAN FILTERING: 2ND ED INCLUDING A DISK / (Record no. 15360)

MARC details
000 -الفاتح
حقل البيانات ثابتة الطول 00669nam a2200229Ia 4500
008 - عناصر البيانات ثابتة الطول - معلومات عامة
حقل البيانات ثابتة الطول 140319s9999 xx 000 0 eng d
040 ## - مصدر الفهرسة
وكالة الفهرسة الأصلية GCL /
وكالة النسخ GCL
082 04 - رقم تصنيف ديوى العشرى
رقم التصنيف 621.3973
رقم المادة B I
100 1# - المدخل الرئيسى - إسم شخصى
الإسم الشخصى BROWN,ROBERT GRIVER
245 10 - بيان العنوان
العنوان INTRODUCTION TO RANDOM SIGNALS AND APPLIED KALMAN FILTERING: 2ND ED INCLUDING A DISK /
بيان المسئوليه,etc BROWN,ROBERT GRIVER
700 1# - المدخل الاضافى - اسم شخصى
الإسم الشخصى HWANG, PATRICKY.C
260 ## - PUBLICATION, DISTRIBUTION, ETC. (IMPRINT)
تاريخ النشر أو التوزيع 1992
300 ## - الوصف المادى
التعداد 502 P
650 04 - المدخل الاضافى بالموضوع-مصطلح موضوعى
مصطلح موضوعي التحليل الرياضى
650 04 - المدخل الاضافى بالموضوع-مصطلح موضوعى
مصطلح موضوعي BUILDINGS
650 04 - المدخل الاضافى بالموضوع-مصطلح موضوعى
مصطلح موضوعي RANDOM
650 04 - المدخل الاضافى بالموضوع-مصطلح موضوعى
مصطلح موضوعي KALMAN FILTERING
650 04 - المدخل الاضافى بالموضوع-مصطلح موضوعى
مصطلح موضوعي ENGINEER DESIGN
650 04 - المدخل الاضافى بالموضوع-مصطلح موضوعى
مصطلح موضوعي FILERING
942 ## - عناصر المدخل الإضافي( كوها)
مصدر التصنيف او مخطط الترفيف Dewey Decimal Classification
Koha [default] item type كتاب
260 ## - PUBLICATION, DISTRIBUTION, ETC. (IMPRINT)
-- [S.N] :
-- JOHN WILEY AND SONS. INC ،
Holdings
حالة التراجع حالة الفقد حالة تلف ليس للاعارة المكان المؤقت الموقع الحالى تاريخ الاكتساب اجمالي اﻻعارات رقم الطلب الباركود تاريخ اخر مشاهدة تاريخ تفعيل السعر نوع وعاء كوها
        مكتبة القاهرة الكبرى مكتبة القاهرة الكبرى 03/26/2014   621.3973\B I 28467 03/26/2014 03/26/2014 كتاب

Powered By

EGPV